000 00885nam a22002417a 4500
005 20130910122742.0
010 _aENG-108297
020 _c550.00
_a9789350353264
035 _aEN-91830
037 _bDBAD/PUB
082 _a345.5402532
100 _aDas, P.K.
245 _aHandbook on new anti-rape law :
_cby P.K. Das
_bbased on new criminal law amendment act, 2013 (13 of 2013) /
246 _a Hand book on new anti-rape law
246 _aNew anti-rape law
260 _aNew Delhi
_bUniversal Law Publishing
_c2013
270 _aC-FF-1A, Dilkhush Industrial Estate, (near Azadpur Metro Station) G.T. Karnal Road,
_bNew Delhi
_e110033
300 _axxix,472p.
_c24cm(pbk)
650 _a Rape
_zIndia |x Trial practice.
650 _aCriminal law
_z India.
650 _a Women
_x Legal status, laws, etc. |z India.
942 _2ddc
_cEN
_mDAS
_h345.5402532
999 _c78493
_d78493